La delaci ̤voluntaria de la tutela en el dret catal ̀

Detalles Bibliográficos
Autor principal: Crosas Armengol, Assumpta
Formato: Desconocido
Lenguaje:español
Publicado: [Barcelona] : J.M. Bosch, 2000
Materias:
Acceso en línea:Acceso restringido

MARC

LEADER 00000ny a22000003n 4500
005 20110606101824.0
008 080617s2000 sp s 000 0 spa c
020 |a 8476985959 
035 |a 1185 
040 |a UMA.RE  |d vLex 
080 |a 347.64(460.23)(0.034) 
090 |c 465  |d 465 
100 1 |a Crosas Armengol, Assumpta 
245 1 3 |a La delaci ̤voluntaria de la tutela en el dret catal ̀  |h [Recurso electrn̤ico]  |c Assumpta Crosas Armengol 
256 |a Servicio en ln̕ea 
260 |a [Barcelona] :  |b J.M. Bosch,  |c 2000 
506 1 |a Contenido solo disponible en los productos indicados  |d vLex Global  |d vLex Global (Academic Edition, excluding Law Schools)  |d vLex Global (U.S. Academic Edition, Law Schools)  |d vLex Global (U.S. Academic Edition, excluding Law Schools)  |d vLex Global (Academic Edition, Law Schools) 
650 0 4 |a Derecho foral  |2 Tesauro vLex 
650 0 4 |a Derecho foral  |2 Tesauro vLex 
740 0 |a vLex Libros (Servicios en ln̕ea) 
856 4 0 |u http://vlex.com/source/1185  |z Acceso restringido 
942 |c BOOK 
999 0 |a Law  |b Barcelona